Budget Estimates for the Year 1967-68 (Record no. 502656)

MARC details
000 -LEADER
fixed length control field 00724nam a2200229Ia 4500
003 - CONTROL NUMBER IDENTIFIER
control field OSt
005 - DATE AND TIME OF LATEST TRANSACTION
control field 20220925182610.0
008 - FIXED-LENGTH DATA ELEMENTS--GENERAL INFORMATION
fixed length control field 220923b |||||||| |||| 00| 0 eng d
037 ## - SOURCE OF ACQUISITION
Terms of availability General Book
040 ## - CATALOGING SOURCE
Original cataloging agency RTL
Transcribing agency RTL
Language of cataloging eng
041 ## - LANGUAGE CODE
Source of code eng
Language code of text/sound track or separate title eng
110 ## - MAIN ENTRY--CORPORATE NAME
Corporate name or jurisdiction name as entry element ORISSA (Govt. of -), FINANCE DEPARTMENT
9 (RLIN) 256817
245 #0 - TITLE STATEMENT
Title Budget Estimates for the Year 1967-68
Remainder of title Demands for Grants.
260 ## - PUBLICATION, DISTRIBUTION, ETC.
Place of publication, distribution, etc. Cuttack
Name of publisher, distributor, etc. Govt. of Orisa
Date of publication, distribution, etc. 1968
300 ## - PHYSICAL DESCRIPTION
Extent iv; 495p.
Dimensions cm.
700 ## - ADDED ENTRY--PERSONAL NAME
Personal name ORISSA (Govt. of -), FINANCE DEPARTMENT
9 (RLIN) 256818
942 ## - ADDED ENTRY ELEMENTS (KOHA)
Classification part X71.271.N68 - N67, K8.2
Koha item type General Books
Source of classification or shelving scheme Colon Classification (CC)
Holdings
Withdrawn status Lost status Damaged status Not for loan Home library Current library Date acquired Total Checkouts Full call number Barcode Date last seen Price effective from Koha item type
        Ratan Tata Library Ratan Tata Library 2022-09-25   X71.271.N68 - N67 K8.2 RT1418286 2022-09-25 2022-09-25 General Books
Copyright @ Delhi University Library System